000 00343nam a2200157Ia 4500
008 240510s9999 xx 000 0 und d
041 _aEng
082 _a005.265
082 _bK19
245 4 _aThe kaypro user's guide
260 _bBerkeley, CA : Perfect Software
260 _c1984
300 _a54 p.
942 _2ddc
942 _cLBK
999 _c23400
_d23400
945 _a1
_bMadushi Gamage
_c1
_dMadushi Gamage